Gaming Quiz

Random Gaming or Pokémon Quiz

Kalos League Gym badges Quiz Stats

 Plays Quiz not verified by Sporcle

Score 0/8 Timer 03:00
0 Plays Today
Gym Badge % Correct
Santalune CityBug badge
97.8%
Laverre CityFairy badge
82.2%
Lumiose CityVoltage badge
75.6%
Anistar CityPsychic badge
75.6%
Cyllage CityCliff badge
74.8%
Shalour CityRumble badge
73.3%
Snowbelle CityIceberg badge
67.4%
Coumarine CityPlant badge
65.2%

You're not logged in!

Compare scores with friends on all Sporcle quizzes.
OR
Log In

Show Comments

Extras

Top Quizzes Today


Score Distribution

Your Account Isn't Verified!

In order to create a playlist on Sporcle, you need to verify the email address you used during registration. Go to your Sporcle Settings to finish the process.

Report this User

Report this user for behavior that violates our Community Guidelines.

Details: